书目信息 |
| 题名: |
秘境观察
|
|
| 作者: | 许越 , 薛瑛 主编 | |
| 分册: | 悬疑解密 | |
| 出版信息: | 北京 北京邮电大学出版社 2010.04 |
|
| 页数: | 178页 | |
| 开本: | 23cm | |
| 丛书名: | ||
| 单 册: | ||
| 中图分类: | Z228 | |
| 科图分类: | ||
| 主题词: | 科学知识--ke xue zhi shi--普及读物 | |
| 电子资源: | ||
| ISBN: | 978-7-5635-2191-3 | |
| 000 | 00821nam0 2200253 450 | |
| 001 | 012010113815 | |
| 005 | 20100806083854.91 | |
| 010 | @a978-7-5635-2191-3@dCNY32.00 | |
| 100 | @a20100806d2010 em y0chiy0120 ea | |
| 101 | 0 | @achi |
| 102 | @aCN@b110000 | |
| 105 | @aa z 000yy | |
| 106 | @ar | |
| 200 | 1 | @a秘境观察@Ami jing guan cha@i悬疑解密@f许越, 薛瑛主编@Fxu yue,xue ying zhu bian |
| 210 | @a北京@c北京邮电大学出版社@d2010.04 | |
| 215 | @a178页@c图@d23cm | |
| 330 | @a本书内容包括:被遗忘的中国第一女神、京西古墓惊奇、古墓机关之谜、疑冢之谜、王府消失之谜等。 | |
| 517 | 1 | @a悬疑解密@Axuan yi jie mi |
| 606 | 0 | @a科学知识@Ake xue zhi shi@j普及读物 |
| 690 | @aZ228@v4 | |
| 701 | 0 | @a许越@Axu yue@4主编 |
| 701 | 0 | @a薛瑛@Axue ying@4主编 |
| 801 | 0 | @aCN@bQSSK@c20100806 |
| 905 | @b786136-38@dZ228@eX911@f3 | |
| 秘境观察.悬疑解密/许越, 薛瑛主编.-北京:北京邮电大学出版社,2010.04 |
| 178页:图;23cm |
| ISBN 978-7-5635-2191-3:CNY32.00 |
| 本书内容包括:被遗忘的中国第一女神、京西古墓惊奇、古墓机关之谜、疑冢之谜、王府消失之谜等。 |
| ● |
| 相关链接 |
|
|
|
正题名:秘境观察
索取号:Z228/X911
 
预约/预借
| 序号 | 登录号 | 条形码 | 馆藏地/架位号 | 状态 | 备注 |
| 1 | 786136 | 207861367 | 自科库501/501自科库 128排1列3层/ [索取号:Z228/X911] | 在馆 | |
| 2 | 786137 | 207861376 | 自科库501/501自科库 128排1列3层/ [索取号:Z228/X911] | 在馆 | |
| 3 | 786138 | 207861385 | 自科库501/501自科库 128排1列3层/ [索取号:Z228/X911] | 在馆 |